Fantasie di Pinocchio (Record n. 100335)

Dettagli MARC
000 -LEADER
fixed length control field 00927njm a2200265Ia 4500
001 - CONTROL NUMBER
control field C4473
003 - CONTROL NUMBER IDENTIFIER
control field IT-RoPAU
005 - DATE AND TIME OF LATEST TRANSACTION
control field 20220918181128.0
008 - FIXED-LENGTH DATA ELEMENTS--GENERAL INFORMATION
fixed length control field 131025s9999 xx 000 0 und d
040 ## - CATALOGING SOURCE
Original cataloging agency IT-RoPAU
040 ## - CATALOGING SOURCE
Transcribing agency IT-RoPAU
999 ## - SYSTEM CONTROL NUMBERS (KOHA)
Koha Dewey Subclass [OBSOLETE] n.d.
100 ## - MAIN ENTRY--PERSONAL NAME
Personal name Casagrande Alessandro
9 (RLIN) 29956
100 ## - MAIN ENTRY--PERSONAL NAME
Relator term Autore musica
9 (RLIN) 29957
100 ## - MAIN ENTRY--PERSONAL NAME
Miscellaneous information Codice autore musica SPICS: 41223
9 (RLIN) 29958
245 ## - TITLE STATEMENT
Title Fantasie di Pinocchio
250 ## - EDITION STATEMENT
Edition statement 1a ed.
260 ## - PUBLICATION, DISTRIBUTION, ETC. (IMPRINT)
Place of publication, distribution, etc. ROMA
260 ## - PUBLICATION, DISTRIBUTION, ETC. (IMPRINT)
Name of publisher, distributor, etc. SPICS RECORDS
300 ## - PHYSICAL DESCRIPTION
Extent MUSICASSETTA
500 ## - GENERAL NOTE
General note Musica sinfonica. Lato b parlato. Cassetta riversata da nastro.
505 ## - FORMATTED CONTENTS NOTE
Formatted contents note Suite sinfonica: il teatro dei burattini - Mangiafuoco - La Fatina Azzurra - Il bosco - Il gatto e la volpe - Il paese dei balocchi - Sul lato b: preparazione dei religiosi ai mass media di Nazareno Taddei.
650 ## - SUBJECT ADDED ENTRY--TOPICAL TERM
Topical term or geographic name as entry element SINFONICA [CASSETTE]
Relator term Codice MATERIA SPICS: 9951
9 (RLIN) 1385
942 ## - ADDED ENTRY ELEMENTS (KOHA)
Koha item type MUSICASSETTE
Source of classification or shelving scheme Dewey Decimal Classification
Dati di copia
Withdrawn status Lost status Damaged status Not for loan Home library Current library Date acquired Total Checkouts Full call number Date last seen Price effective from Koha item type Public note
    Buone Condizioni Not For Loan SPICS-MEDIATECA SPICS-MEDIATECA 25/10/2013   C4473 25/10/2013 25/10/2013 MUSICASSETTE Progr. Ins.: 1229 / N.Vol.: 1 / Copie: 1 - Copia rara: n.d. / date import: 01.01.2014 - By Epidotti, Trombetti, Vaglietti
CREDITS: SOCIETA' SAN PAOLO Via A.Severo, 58 - ROMA (RM) & PERIODICI SAN PAOLO SRL Via Giotto, 36 MILANO & CISF Via Giotto, 36 MILANO & EDIZIONI SAN PAOLO SRL,  Piazza Soncino, 5 CINISELLO BALSAMO (MI) -- ITALY